[Event "MCRDMZ 2018"]
[Site "Varnsdorf"]
[Date "2018.06.17"]
[Round "5.12"]
[White "Letal Hynek (BSS F-M C)"]
[Black "Vavrinkova Marie (Loko Brno A)"]
[Result "0-1"]
[BlackElo "1364"]
[WhiteElo "1178"]
[LiveChessVersion "1.4.8"]

1. e4 {[%clk 0:25:17]} e5 {[%clk 0:25:17]} 2. Nf3 {[%clk 0:25:24]} Nf6
{[%clk 0:25:23]} 3. Nc3 {[%clk 0:25:30]} Bb4 {[%clk 0:25:22]} 4. Be2
{[%clk 0:25:32]} O-O {[%clk 0:25:16]} 5. O-O {[%clk 0:25:34]} Nc6
{[%clk 0:24:54]} 6. d3 {[%clk 0:25:40]} d5 {[%clk 0:24:39]} 7. exd5
{[%clk 0:25:25]} Nxd5 {[%clk 0:24:11]} 8. Bd2 {[%clk 0:24:58]} Bg4
{[%clk 0:23:35]} 9. Re1 {[%clk 0:24:36]} h6 {[%clk 0:21:24]} 10. h3
{[%clk 0:23:48]} Bh5 {[%clk 0:21:20]} 11. Ne4 {[%clk 0:23:34]} Bxd2
{[%clk 0:20:47]} 12. Qxd2 {[%clk 0:23:13]} Re8 {[%clk 0:19:51]} 13. c4
{[%clk 0:22:45]} Nf4 {[%clk 0:19:35]} 14. Rad1 {[%clk 0:21:49]} Nxe2+
{[%clk 0:19:24]} 15. Qxe2 {[%clk 0:21:55]} Nd4 {[%clk 0:19:32]} 16. Qd2
{[%clk 0:21:29]} Bxf3 17. Qc3 {[%clk 0:20:44]} Bxd1 {[%clk 0:19:29]} 18. Qd2
{[%clk 0:20:19]} Bf3 {[%clk 0:18:40]} 19. Re3 {[%clk 0:19:47]} Bxe4
{[%clk 0:18:11]} 20. Rxe4 {[%clk 0:19:35]} Qg5 {[%clk 0:18:06]} 21. Qxg5
{[%clk 0:19:20]} hxg5 {[%clk 0:18:08]} 22. Rg4 {[%clk 0:18:56]} f6
{[%clk 0:17:55]} 23. Re4 {[%clk 0:18:14]} f5 {[%clk 0:17:36]} 24. Re1
{[%clk 0:17:53]} e4 {[%clk 0:17:37]} 25. dxe4 {[%clk 0:17:59]} Rxe4
{[%clk 0:17:43]} 26. Rxe4 {[%clk 0:18:01]} fxe4 {[%clk 0:17:47]} 27. Kh2
{[%clk 0:18:06]} Re8 {[%clk 0:17:26]} 28. b4 {[%clk 0:18:01]} e3 {[%clk 0:16:53]}
29. fxe3 {[%clk 0:18:07]} Rxe3 {[%clk 0:17:00]} 30. a4 {[%clk 0:18:13]} Re2
{[%clk 0:16:30]} 31. c5 {[%clk 0:18:20]} Nf3+ {[%clk 0:16:37]} 32. Kg3
{[%clk 0:18:27]} Nh4 {[%clk 0:16:21]} 33. b5 {[%clk 0:18:34]} Rxg2# 0-1

[Event "MCRDMZ 2018"]
[Site "Varnsdorf"]
[Date "2018.06.17"]
[Round "5.13"]
[White "Petricek Lukas (Kurim)"]
[Black "Finek Vaclav (Liberec)"]
[Result "1/2-1/2"]
[BlackElo "2186"]
[WhiteElo "1774"]
[LiveChessVersion "1.4.8"]

1. e4 {[%clk 0:25:18]} c5 {[%clk 0:25:19]} 2. c3 {[%clk 0:25:27]} d6
{[%clk 0:25:28]} 3. d4 {[%clk 0:25:35]} cxd4 {[%clk 0:25:36]} 4. cxd4
{[%clk 0:25:43]} Nf6 {[%clk 0:25:46]} 5. Nc3 {[%clk 0:25:50]} g6 {[%clk 0:25:54]}
6. Nf3 {[%clk 0:25:42]} Bg7 {[%clk 0:25:54]} 7. Be2 {[%clk 0:25:45]} O-O
{[%clk 0:26:01]} 8. O-O {[%clk 0:25:53]} Bg4 {[%clk 0:25:05]} 9. Be3
{[%clk 0:25:56]} Nc6 {[%clk 0:24:45]} 10. Rc1 {[%clk 0:25:40]} Rc8
{[%clk 0:22:56]} 11. Qd2 {[%clk 0:25:13]} a6 {[%clk 0:21:37]} 12. a4
{[%clk 0:24:22]} Qa5 {[%clk 0:20:12]} 13. Rfd1 {[%clk 0:22:51]} Rfd8
{[%clk 0:18:59]} 14. b3 {[%clk 0:20:54]} Qb4 {[%clk 0:14:47]} 15. Rb1
{[%clk 0:15:42]} e6 {[%clk 0:07:12]} 16. h3 {[%clk 0:12:19]} Bxf3
{[%clk 0:07:18]} 17. Bxf3 1/2-1/2

[Event "MCRDMZ 2018"]
[Site "Varnsdorf"]
[Date "2018.06.17"]
[Round "5.14"]
[White "Papousek Michal (Liberec)"]
[Black "Tajovsky Simon (Kurim)"]
[Result "1/2-1/2"]
[BlackElo "1463"]
[WhiteElo "1526"]
[LiveChessVersion "1.4.8"]

1. e4 {[%clk 0:25:17]} c5 {[%clk 0:25:19]} 2. f4 {[%clk 0:25:18]} Nc6
{[%clk 0:25:24]} 3. Bb5 {[%clk 0:25:12]} g6 {[%clk 0:25:32]} 4. d3
{[%clk 0:25:15]} Bg7 {[%clk 0:25:40]} 5. Ne2 {[%clk 0:25:02]} d6 {[%clk 0:25:41]}
6. Nbc3 {[%clk 0:25:02]} Nf6 {[%clk 0:25:44]} 7. O-O {[%clk 0:24:58]} O-O
{[%clk 0:25:44]} 8. Qe1 {[%clk 0:24:05]} Bd7 {[%clk 0:25:40]} 9. h3
{[%clk 0:21:06]} a6 {[%clk 0:25:40]} 10. Bxc6 {[%clk 0:21:02]} Bxc6
{[%clk 0:25:45]} 11. g4 {[%clk 0:20:21]} d5 {[%clk 0:24:05]} 12. e5
{[%clk 0:19:33]} Ne8 {[%clk 0:23:19]} 13. Ng3 {[%clk 0:18:39]} b5
{[%clk 0:22:50]} 14. f5 {[%clk 0:17:37]} b4 {[%clk 0:21:51]} 15. Nd1
{[%clk 0:17:42]} d4 {[%clk 0:20:36]} 16. e6 {[%clk 0:14:03]} Qd5 {[%clk 0:19:04]}
17. exf7+ {[%clk 0:14:04]} Rxf7 {[%clk 0:19:00]} 18. Qe4 {[%clk 0:12:02]} Qd6
{[%clk 0:18:13]} 19. Qe1 {[%clk 0:11:50]} Qd5 {[%clk 0:17:03]} 20. Qe4
{[%clk 0:11:02]} Qd6 {[%clk 0:17:08]} 21. Qe1 {[%clk 0:11:09]} Qd5 22. Qe2 Be5
1/2-1/2

[Event "MCRDMZ 2018"]
[Site "Varnsdorf"]
[Date "2018.06.17"]
[Round "5.15"]
[White "Bocek Adam (Kurim)"]
[Black "Fotr Michal (Liberec)"]
[Result "1/2-1/2"]
[BlackElo "1476"]
[WhiteElo "1488"]
[LiveChessVersion "1.4.8"]

1. e4 {[%clk 0:25:19]} e5 {[%clk 0:25:19]} 2. Nf3 {[%clk 0:25:27]} Nf6
{[%clk 0:25:28]} 3. Nc3 {[%clk 0:25:28]} Bb4 {[%clk 0:25:36]} 4. d3
{[%clk 0:25:23]} Bxc3+ {[%clk 0:24:49]} 5. bxc3 {[%clk 0:25:32]} h6
{[%clk 0:24:09]} 6. Be2 {[%clk 0:25:12]} d5 {[%clk 0:23:39]} 7. exd5
{[%clk 0:21:59]} Nxd5 {[%clk 0:23:39]} 8. O-O {[%clk 0:20:52]} Nxc3
{[%clk 0:23:21]} 9. Qd2 {[%clk 0:21:00]} Nxe2+ {[%clk 0:23:27]} 10. Qxe2
{[%clk 0:21:08]} O-O {[%clk 0:23:24]} 11. Qxe5 {[%clk 0:20:22]} Nc6
{[%clk 0:23:28]} 12. Qc3 {[%clk 0:20:24]} Re8 {[%clk 0:21:13]} 13. Bb2
{[%clk 0:20:25]} f6 {[%clk 0:21:11]} 14. Qb3+ {[%clk 0:18:50]} Kh8
{[%clk 0:21:04]} 15. Rfe1 {[%clk 0:17:18]} b6 {[%clk 0:19:39]} 16. Qf7
{[%clk 0:16:44]} Re7 {[%clk 0:18:20]} 17. Rxe7 {[%clk 0:16:38]} Qxe7
{[%clk 0:18:24]} 18. Qxe7 {[%clk 0:16:46]} Nxe7 {[%clk 0:18:32]} 19. Re1
{[%clk 0:16:55]} Nc6 {[%clk 0:18:06]} 20. a3 {[%clk 0:15:49]} Bd7
{[%clk 0:17:42]} 21. Nd4 {[%clk 0:15:33]} Nxd4 {[%clk 0:17:20]} 22. Bxd4
{[%clk 0:15:41]} Re8 {[%clk 0:17:25]} 23. Rxe8+ {[%clk 0:15:49]} Bxe8
{[%clk 0:17:34]} 24. Kf1 {[%clk 0:15:58]} Kg8 {[%clk 0:17:35]} 25. Ke2
{[%clk 0:16:05]} Kf7 {[%clk 0:17:43]} 26. g3 {[%clk 0:16:14]} Ke6
{[%clk 0:17:35]} 27. Ke3 {[%clk 0:16:19]} g6 {[%clk 0:17:26]} 28. f4
{[%clk 0:15:56]} a6 {[%clk 0:16:20]} 29. h4 {[%clk 0:15:52]} h5 {[%clk 0:15:56]}
30. Kd2 {[%clk 0:15:06]} f5 {[%clk 0:15:41]} 31. Be5 {[%clk 0:15:03]} c6
{[%clk 0:15:47]} 32. c3 {[%clk 0:14:56]} Kd5 {[%clk 0:15:36]} 33. Bc7
{[%clk 0:14:18]} b5 {[%clk 0:15:43]} 34. Ke3 {[%clk 0:13:09]} Kc5
{[%clk 0:14:58]} 35. Ba5 {[%clk 0:12:59]} Bf7 {[%clk 0:14:32]} 36. Bc7
{[%clk 0:12:42]} Bb3 {[%clk 0:14:15]} 37. Ba5 {[%clk 0:12:09]} Bc2
{[%clk 0:14:17]} 38. Bc7 {[%clk 0:11:52]} Kd5 {[%clk 0:13:39]} 39. Bb6
{[%clk 0:10:43]} c5 {[%clk 0:12:58]} 40. Ba5 {[%clk 0:10:47]} c4 {[%clk 0:12:26]}
41. d4 {[%clk 0:10:55]} 1/2-1/2

[Event "MCRDMZ 2018"]
[Site "Varnsdorf"]
[Date "2018.06.17"]
[Round "5.16"]
[White "Hauser Matthias (Liberec)"]
[Black "Setina Vaclav (Kurim)"]
[Result "1-0"]
[BlackElo "1445"]
[WhiteElo "1474"]
[LiveChessVersion "1.4.8"]

1. e4 {[%clk 0:25:14]} c5 {[%clk 0:25:16]} 2. c3 {[%clk 0:25:23]} g6
{[%clk 0:25:03]} 3. d4 {[%clk 0:25:31]} cxd4 {[%clk 0:25:12]} 4. cxd4
{[%clk 0:25:40]} Bg7 {[%clk 0:25:22]} 5. Nf3 {[%clk 0:25:48]} d6 {[%clk 0:25:29]}
6. Bc4 {[%clk 0:25:42]} Nf6 {[%clk 0:25:21]} 7. Nc3 {[%clk 0:25:41]} Nbd7
{[%clk 0:25:25]} 8. Bf4 {[%clk 0:25:07]} Nb6 {[%clk 0:25:30]} 9. Bb5+
{[%clk 0:24:47]} Bd7 {[%clk 0:25:31]} 10. Bxd7+ {[%clk 0:24:54]} Nfxd7
{[%clk 0:25:34]} 11. O-O {[%clk 0:24:55]} O-O {[%clk 0:25:42]} 12. Re1
{[%clk 0:24:53]} Rc8 {[%clk 0:25:25]} 13. Rc1 {[%clk 0:24:47]} Nb8
{[%clk 0:24:14]} 14. Qd3 {[%clk 0:22:41]} Nc6 {[%clk 0:23:46]} 15. a3
{[%clk 0:22:10]} a5 {[%clk 0:21:47]} 16. d5 {[%clk 0:20:51]} Nb8 {[%clk 0:21:51]}
17. Ne2 {[%clk 0:19:42]} Rxc1 {[%clk 0:21:36]} 18. Rxc1 {[%clk 0:19:47]} Na6
{[%clk 0:21:37]} 19. Ned4 {[%clk 0:15:40]} Nc5 {[%clk 0:21:23]} 20. Qe3
{[%clk 0:14:37]} Nbd7 {[%clk 0:19:25]} 21. Bh6 {[%clk 0:14:12]} Nf6
{[%clk 0:18:32]} 22. Bxg7 {[%clk 0:14:09]} Kxg7 {[%clk 0:18:34]} 23. Ng5
{[%clk 0:11:05]} Qd7 {[%clk 0:16:38]} 24. Ngf3 {[%clk 0:08:39]} Nfxe4
{[%clk 0:16:35]} 25. b4 {[%clk 0:08:17]} axb4 {[%clk 0:15:29]} 26. axb4
{[%clk 0:08:25]} b6 {[%clk 0:15:37]} 27. bxc5 {[%clk 0:08:26]} Nxc5
{[%clk 0:15:36]} 28. Qc3 {[%clk 0:07:53]} f6 {[%clk 0:15:13]} 29. Nc6
{[%clk 0:06:58]} e5 {[%clk 0:14:32]} 30. Nd2 {[%clk 0:05:55]} Qf7
{[%clk 0:12:32]} 31. Qf3 {[%clk 0:04:58]} f5 {[%clk 0:12:18]} 32. Nc4
{[%clk 0:04:42]} Qc7 {[%clk 0:11:53]} 33. Qc3 {[%clk 0:04:18]} b5
{[%clk 0:11:52]} 34. N4a5 {[%clk 0:04:12]} Qb6 {[%clk 0:11:32]} 35. Nb3
{[%clk 0:03:41]} Ne4 {[%clk 0:11:31]} 36. Qe3 {[%clk 0:03:20]} Qxe3
{[%clk 0:11:39]} 37. fxe3 {[%clk 0:03:29]} Ra8 {[%clk 0:11:30]} 38. Nca5
{[%clk 0:03:24]} Nc5 {[%clk 0:11:23]} 39. Nxc5 {[%clk 0:03:21]} dxc5
{[%clk 0:11:32]} 40. Nc6 {[%clk 0:03:16]} c4 {[%clk 0:11:31]} 41. Rb1
{[%clk 0:03:25]} c3 {[%clk 0:11:07]} 42. Rc1 {[%clk 0:02:50]} Ra3
{[%clk 0:11:07]} 43. Kf2 {[%clk 0:02:58]} e4 {[%clk 0:11:13]} 44. h4
{[%clk 0:02:47]} Rb3 {[%clk 0:11:01]} 45. d6 {[%clk 0:02:43]} b4 {[%clk 0:10:43]}
46. d7 {[%clk 0:02:51]} Rb2+ {[%clk 0:10:52]} 47. Kf1 {[%clk 0:02:44]} Rd2
{[%clk 0:11:01]} 48. d8=Q {[%clk 0:02:48]} Rxd8 49. Nxd8 Kf6 {[%clk 0:11:01]} 50.
Nc6 {[%clk 0:02:54]} h6 {[%clk 0:10:43]} 51. Nxb4 {[%clk 0:03:02]} g5
{[%clk 0:10:52]} 52. hxg5+ {[%clk 0:03:09]} hxg5 {[%clk 0:11:02]} 53. Rxc3
{[%clk 0:03:16]} f4 {[%clk 0:11:09]} 54. exf4 {[%clk 0:03:24]} gxf4
{[%clk 0:11:18]} 55. Rc5 {[%clk 0:03:30]} Ke6 {[%clk 0:11:25]} 56. Ke2
{[%clk 0:03:37]} Kd6 {[%clk 0:11:33]} 57. Rd5+ {[%clk 0:03:45]} Ke6
{[%clk 0:11:42]} 58. Ra5 {[%clk 0:03:50]} Kd6 {[%clk 0:11:49]} 59. Kd2
{[%clk 0:03:57]} Ke6 {[%clk 0:11:54]} 60. Kc3 {[%clk 0:04:04]} Kf6
{[%clk 0:11:28]} 61. Kd4 {[%clk 0:04:08]} e3 {[%clk 0:11:37]} 62. Ke4
{[%clk 0:04:10]} e2 {[%clk 0:11:44]} 63. Ra1 {[%clk 0:04:18]} Kg5
{[%clk 0:11:53]} 64. Re1 {[%clk 0:04:24]} Kg4 {[%clk 0:12:01]} 65. Rxe2
{[%clk 0:04:32]} Kg3 {[%clk 0:12:10]} 66. Nd3 {[%clk 0:04:36]} Kg4
{[%clk 0:12:13]} 67. Nxf4 Kg3 68. Re3+ {[%clk 0:04:40]} 1-0

[Event "MCRDMZ 2018"]
[Site "Varnsdorf"]
[Date "2018.06.17"]
[Round "5.17"]
[White "Richter Rudolf (Kurim)"]
[Black "Jirasek Oskar (Liberec)"]
[Result "1-0"]
[BlackElo "1281"]
[WhiteElo "1567"]
[LiveChessVersion "1.4.8"]

1. d4 {[%clk 0:25:17]} d5 {[%clk 0:25:19]} 2. c4 {[%clk 0:25:25]} e6
{[%clk 0:25:27]} 3. Nf3 {[%clk 0:25:31]} Nf6 {[%clk 0:25:34]} 4. g3
{[%clk 0:25:37]} Bb4+ {[%clk 0:25:34]} 5. Bd2 {[%clk 0:25:40]} Bxd2+
{[%clk 0:25:41]} 6. Nbxd2 {[%clk 0:25:48]} Nc6 {[%clk 0:25:48]} 7. Bg2
{[%clk 0:25:55]} O-O {[%clk 0:25:52]} 8. O-O {[%clk 0:25:57]} b6 {[%clk 0:25:19]}
9. Re1 {[%clk 0:26:01]} Ba6 {[%clk 0:25:22]} 10. b3 {[%clk 0:25:43]} Re8
{[%clk 0:25:28]} 11. e4 {[%clk 0:25:43]} dxe4 {[%clk 0:25:22]} 12. Nxe4
{[%clk 0:25:51]} Bb7 {[%clk 0:24:50]} 13. Qd2 {[%clk 0:22:55]} a5
{[%clk 0:24:47]} 14. Rad1 {[%clk 0:20:54]} Qe7 {[%clk 0:24:11]} 15. Ne5
{[%clk 0:19:11]} Nxe5 {[%clk 0:23:42]} 16. Nxf6+ {[%clk 0:17:52]} Qxf6
{[%clk 0:23:06]} 17. dxe5 {[%clk 0:17:50]} Qe7 {[%clk 0:22:33]} 18. Bxb7
{[%clk 0:17:43]} Rad8 {[%clk 0:22:36]} 19. Qc2 {[%clk 0:17:34]} c5
{[%clk 0:22:30]} 20. Bg2 {[%clk 0:17:33]} Rxd1 {[%clk 0:21:21]} 21. Rxd1
{[%clk 0:17:34]} Qg5 {[%clk 0:21:27]} 22. f4 {[%clk 0:17:17]} Qg4
{[%clk 0:21:22]} 23. Rd6 {[%clk 0:17:14]} Rb8 {[%clk 0:21:16]} 24. Qd2
{[%clk 0:17:12]} g6 {[%clk 0:21:15]} 25. Qd3 {[%clk 0:15:56]} Kg7
{[%clk 0:20:55]} 26. Bf3 {[%clk 0:15:01]} Qf5 {[%clk 0:20:17]} 27. Qxf5
{[%clk 0:15:04]} gxf5 {[%clk 0:20:24]} 28. Kg2 {[%clk 0:15:12]} Kf8
{[%clk 0:20:25]} 29. Kh3 {[%clk 0:15:10]} Kg7 {[%clk 0:20:25]} 30. Kh4
{[%clk 0:15:07]} h6 {[%clk 0:19:39]} 31. Bh5 {[%clk 0:14:26]} Kg8
{[%clk 0:18:14]} 32. Rd7 {[%clk 0:14:21]} Rf8 {[%clk 0:16:49]} 33. Rb7
{[%clk 0:14:21]} Rd8 {[%clk 0:16:54]} 34. a4 {[%clk 0:14:19]} Rd2
{[%clk 0:16:53]} 35. h3 {[%clk 0:14:28]} Rd3 {[%clk 0:16:08]} 36. Rxb6
{[%clk 0:14:36]} Rd7 {[%clk 0:16:13]} 37. Rb5 {[%clk 0:14:33]} Rc7
{[%clk 0:15:35]} 38. Rxa5 {[%clk 0:14:26]} Kg7 {[%clk 0:15:43]} 39. Rb5
{[%clk 0:14:31]} f6 {[%clk 0:15:50]} 40. exf6+ {[%clk 0:14:24]} Kxf6
{[%clk 0:15:58]} 41. a5 {[%clk 0:14:32]} Rd7 {[%clk 0:15:53]} 42. Rxc5
{[%clk 0:14:21]} Rd4 {[%clk 0:15:48]} 43. a6 {[%clk 0:14:23]} e5 {[%clk 0:15:57]}
44. a7 {[%clk 0:14:07]} exf4 {[%clk 0:16:05]} 45. gxf4 {[%clk 0:14:16]} Rxf4+
{[%clk 0:16:12]} 46. Kg3 {[%clk 0:14:24]} Kg5 {[%clk 0:15:56]} 47. a8=Q
{[%clk 0:14:26]} Re4 {[%clk 0:15:39]} 48. Qd8+ {[%clk 0:14:28]} Kxh5
{[%clk 0:15:18]} 49. Rxf5+ {[%clk 0:14:35]} Kg6 {[%clk 0:15:26]} 50. Qf6+
{[%clk 0:14:43]} Kh7 {[%clk 0:15:31]} 51. Qf7+ {[%clk 0:14:15]} Kh8
{[%clk 0:15:35]} 52. Qf8+ {[%clk 0:14:21]} Kh7 {[%clk 0:15:43]} 53. Rf7+
{[%clk 0:14:28]} Kg6 {[%clk 0:15:52]} 54. Qg7+ {[%clk 0:14:34]} Kh5
{[%clk 0:15:59]} 55. Rf5# {[%clk 0:14:42]} 1-0

[Event "MCRDMZ 2018"]
[Site "Varnsdorf"]
[Date "2018.06.17"]
[Round "5.18"]
[White "Gavrunova Marie (Liberec)"]
[Black "Movsisyan Lusine (Kurim)"]
[Result "0-1"]
[BlackElo "1009"]
[WhiteElo "1000"]
[LiveChessVersion "1.4.8"]

1. e4 {[%clk 0:25:19]} c5 {[%clk 0:25:18]} 2. Bb5 {[%clk 0:25:25]} Nf6
{[%clk 0:25:20]} 3. Nf3 {[%clk 0:25:21]} Nxe4 {[%clk 0:25:26]} 4. d3
{[%clk 0:25:27]} Nd6 {[%clk 0:25:34]} 5. O-O {[%clk 0:25:32]} Nxb5
{[%clk 0:25:42]} 6. c4 {[%clk 0:25:30]} Nd4 7. Nxd4 {[%clk 0:25:18]} cxd4
{[%clk 0:25:55]} 8. Nd2 {[%clk 0:24:45]} d6 {[%clk 0:26:01]} 9. Nf3
{[%clk 0:24:47]} Nc6 {[%clk 0:26:00]} 10. a3 {[%clk 0:24:18]} Qd7
{[%clk 0:25:54]} 11. b4 {[%clk 0:24:18]} Qf5 {[%clk 0:25:38]} 12. Nh4
{[%clk 0:24:03]} Qf6 {[%clk 0:25:25]} 13. b5 {[%clk 0:24:06]} Ne5
{[%clk 0:25:21]} 14. Nf3 {[%clk 0:23:23]} Qg6 {[%clk 0:25:19]} 15. Nh4
{[%clk 0:23:27]} Qf6 {[%clk 0:25:14]} 16. Re1 {[%clk 0:22:56]} Qxh4
{[%clk 0:25:20]} 17. Bb2 {[%clk 0:22:06]} Qg5 {[%clk 0:25:21]} 18. Bxd4
{[%clk 0:22:08]} Bh3 {[%clk 0:25:27]} 19. Kf1 {[%clk 0:21:54]} Qxg2+
{[%clk 0:25:25]} 20. Ke2 {[%clk 0:22:01]} Bg4+ {[%clk 0:25:12]} 21. Kd2
{[%clk 0:21:47]} Bxd1 {[%clk 0:25:18]} 22. Raxd1 {[%clk 0:21:54]} Nf3+
{[%clk 0:25:18]} 23. Ke2 {[%clk 0:21:53]} Nxe1 {[%clk 0:25:24]} 24. Rxe1
{[%clk 0:22:00]} Qg4+ {[%clk 0:25:29]} 25. Kd2 {[%clk 0:22:03]} Qxd4
{[%clk 0:25:36]} 26. Re4 {[%clk 0:21:57]} Qxf2+ {[%clk 0:25:44]} 27. Re2
{[%clk 0:22:04]} Qf5 {[%clk 0:25:48]} 28. Re4 {[%clk 0:21:57]} g6
{[%clk 0:25:55]} 29. Re1 {[%clk 0:21:42]} Bh6+ {[%clk 0:26:03]} 30. Kd1
{[%clk 0:21:51]} Qg5 {[%clk 0:26:09]} 31. Ke2 {[%clk 0:21:39]} Qe3+
{[%clk 0:26:15]} 32. Kf1 {[%clk 0:21:44]} Qh3+ {[%clk 0:26:16]} 33. Ke2 Qe3+
{[%clk 0:26:17]} 34. Kd1 {[%clk 0:21:47]} Qd2# 0-1

[Event "MCRDMZ 2018"]
[Site "Varnsdorf"]
[Date "2018.06.17"]
[Round "6.1"]
[White "Kures Michael (Loko Brno A)"]
[Black "Hrbek Stepan (Polabiny A)"]
[Result "1/2-1/2"]
[BlackElo "1785"]
[WhiteElo "1879"]
[LiveChessVersion "1.4.8"]

1. e4 {[%clk 0:25:17]} c5 {[%clk 0:25:19]} 2. Nc3 {[%clk 0:25:24]} Nc6
{[%clk 0:25:23]} 3. f4 {[%clk 0:25:29]} e6 {[%clk 0:25:18]} 4. Nf3
{[%clk 0:25:04]} d5 {[%clk 0:25:02]} 5. d3 {[%clk 0:23:34]} Nf6 {[%clk 0:24:43]}
6. e5 {[%clk 0:23:13]} d4 {[%clk 0:24:49]} 7. Ne4 {[%clk 0:22:18]} Nd5
{[%clk 0:24:03]} 8. c4 {[%clk 0:20:39]} Ne3 {[%clk 0:22:04]} 9. Bxe3
{[%clk 0:20:26]} dxe3 {[%clk 0:22:12]} 10. Be2 {[%clk 0:19:08]} Be7
{[%clk 0:19:23]} 11. O-O {[%clk 0:18:58]} O-O {[%clk 0:18:41]} 12. Re1
{[%clk 0:18:54]} Nd4 {[%clk 0:18:34]} 13. Bf1 {[%clk 0:18:53]} e2
{[%clk 0:18:16]} 14. Bxe2 {[%clk 0:18:54]} Nxf3+ {[%clk 0:18:08]} 15. Bxf3
{[%clk 0:19:00]} Qd4+ {[%clk 0:18:18]} 16. Nf2 {[%clk 0:18:59]} Qxb2
{[%clk 0:17:55]} 17. Rb1 {[%clk 0:18:26]} Qxa2 {[%clk 0:17:58]} 18. Bxb7
{[%clk 0:18:29]} Bxb7 {[%clk 0:17:11]} 19. Rxb7 {[%clk 0:18:37]} Rfe8
{[%clk 0:16:54]} 20. Re2 {[%clk 0:18:30]} Qa6 {[%clk 0:16:49]} 21. Reb2
{[%clk 0:18:36]} Qc6 {[%clk 0:16:36]} 22. Qb1 {[%clk 0:18:41]} Bf8
{[%clk 0:14:01]} 23. Qa2 {[%clk 0:15:06]} Re7 {[%clk 0:12:05]} 24. Rb8
{[%clk 0:14:35]} Rxb8 {[%clk 0:11:37]} 25. Rxb8 {[%clk 0:14:34]} Rb7
{[%clk 0:11:44]} 26. Rxb7 {[%clk 0:14:23]} Qxb7 {[%clk 0:11:52]} 27. Ne4
{[%clk 0:14:14]} a5 {[%clk 0:11:22]} 28. Kf2 {[%clk 0:12:30]} Qb4
{[%clk 0:11:04]} 29. Ke2 {[%clk 0:12:07]} a4 {[%clk 0:10:38]} 30. Kd1
{[%clk 0:08:32]} Be7 {[%clk 0:10:06]} 31. Nd2 {[%clk 0:04:22]} Bd8
{[%clk 0:08:29]} 32. Qb1 {[%clk 0:03:54]} Ba5 {[%clk 0:03:23]} 33. Qxb4
{[%clk 0:04:02]} Bxb4 {[%clk 0:03:28]} 34. Kc2 {[%clk 0:03:34]} f6
{[%clk 0:03:05]} 35. g4 {[%clk 0:02:48]} fxe5 {[%clk 0:03:15]} 36. fxe5
{[%clk 0:02:57]} Kf7 {[%clk 0:03:24]} 37. Ne4 {[%clk 0:01:56]} Kg6
{[%clk 0:03:23]} 38. h3 {[%clk 0:02:00]} h5 {[%clk 0:03:25]} 39. Kb2
{[%clk 0:02:02]} hxg4 {[%clk 0:03:33]} 40. hxg4 {[%clk 0:02:10]} Kh6
{[%clk 0:02:35]} 41. Ka2 {[%clk 0:02:15]} Kg6 {[%clk 0:02:44]} 42. Kb2
{[%clk 0:02:24]} Kh6 {[%clk 0:02:53]} 43. Ka2 {[%clk 0:02:26]} Kg6
{[%clk 0:03:03]} 44. Kb2 {[%clk 0:02:29]} Kf7 {[%clk 0:02:52]} 45. Ng5+
{[%clk 0:02:18]} Ke7 {[%clk 0:03:01]} 46. Ne4 {[%clk 0:02:27]} Ke8
{[%clk 0:02:16]} 47. Nd6+ {[%clk 0:01:58]} Kd7 {[%clk 0:02:05]} 1/2-1/2

[Event "MCRDMZ 2018"]
[Site "Varnsdorf"]
[Date "2018.06.17"]
[Round "6.2"]
[White "Brozka Karel (Polabiny A)"]
[Black "Hladky Tadeas (Loko Brno A)"]
[Result "0-1"]
[BlackElo "1659"]
[WhiteElo "1735"]
[LiveChessVersion "1.4.8"]

1. d4 {[%clk 0:25:10]} d5 {[%clk 0:25:15]} 2. Nf3 {[%clk 0:25:04]} Nf6
{[%clk 0:25:16]} 3. c4 {[%clk 0:25:02]} c6 {[%clk 0:25:22]} 4. Nc3
{[%clk 0:25:04]} dxc4 {[%clk 0:25:25]} 5. a4 {[%clk 0:24:55]} Bf5
{[%clk 0:25:24]} 6. e3 {[%clk 0:24:08]} e6 {[%clk 0:25:18]} 7. Bxc4
{[%clk 0:24:01]} Be7 {[%clk 0:25:03]} 8. Ne5 {[%clk 0:23:44]} Nbd7
{[%clk 0:24:48]} 9. f4 {[%clk 0:23:34]} Nxe5 {[%clk 0:24:11]} 10. fxe5
{[%clk 0:23:04]} Nd5 {[%clk 0:22:50]} 11. O-O {[%clk 0:22:25]} Nxc3
{[%clk 0:22:09]} 12. bxc3 {[%clk 0:22:31]} O-O {[%clk 0:21:23]} 13. Bd3
{[%clk 0:21:23]} Bxd3 {[%clk 0:21:00]} 14. Qxd3 {[%clk 0:21:29]} f6
{[%clk 0:19:59]} 15. exf6 {[%clk 0:20:14]} Bxf6 {[%clk 0:20:07]} 16. Qe4
{[%clk 0:19:19]} Qd5 {[%clk 0:19:17]} 17. Qg4 {[%clk 0:18:07]} Rad8
{[%clk 0:12:07]} 18. e4 {[%clk 0:16:22]} Qc4 {[%clk 0:11:49]} 19. Bh6
{[%clk 0:13:52]} Rd7 {[%clk 0:07:49]} 20. Rf3 {[%clk 0:11:10]} Bxd4+
{[%clk 0:07:15]} 21. Kh1 {[%clk 0:09:14]} Rxf3 {[%clk 0:05:39]} 22. gxf3
{[%clk 0:08:18]} Bf6 {[%clk 0:02:55]} 23. Rg1 {[%clk 0:07:21]} g6
{[%clk 0:02:08]} 24. Qf4 {[%clk 0:06:24]} Bg7 {[%clk 0:01:11]} 25. Qb8+
{[%clk 0:03:39]} Kf7 {[%clk 0:01:20]} 26. Qc8 {[%clk 0:03:27]} Qd3
{[%clk 0:01:25]} 27. Be3 {[%clk 0:02:35]} Bh6 {[%clk 0:00:48]} 28. Re1
{[%clk 0:01:24]} Bxe3 {[%clk 0:00:45]} 29. Qh8 {[%clk 0:01:14]} Bh6
{[%clk 0:00:27]} 30. Qxh7+ {[%clk 0:01:09]} Bg7 {[%clk 0:00:36]} 31. Qh3
{[%clk 0:01:10]} Qxc3 {[%clk 0:00:29]} 32. Rg1 {[%clk 0:01:06]} Qf6
{[%clk 0:00:30]} 33. Qg3 {[%clk 0:01:09]} Bh6 {[%clk 0:00:27]} 34. e5
{[%clk 0:01:12]} Qf5 {[%clk 0:00:30]} 35. Rf1 {[%clk 0:01:01]} Bg7
{[%clk 0:00:35]} 36. Re1 {[%clk 0:00:57]} Rd3 {[%clk 0:00:37]} 37. Kg2
{[%clk 0:00:59]} Rd5 {[%clk 0:00:36]} 38. f4 {[%clk 0:01:04]} Rd4
{[%clk 0:00:41]} 39. Rf1 {[%clk 0:01:07]} Qe4+ {[%clk 0:00:31]} 40. Kg1
{[%clk 0:00:51]} Qf5 {[%clk 0:00:31]} 41. h4 {[%clk 0:00:50]} c5 {[%clk 0:00:37]}
42. Rf2 {[%clk 0:00:53]} b6 {[%clk 0:00:26]} 43. h5 {[%clk 0:00:44]} Qxh5
{[%clk 0:00:22]} 44. Qg2 {[%clk 0:00:44]} Rd1+ {[%clk 0:00:27]} 45. Rf1
{[%clk 0:00:52]} Rxf1+ {[%clk 0:00:36]} 46. Qxf1 {[%clk 0:00:54]} Qg4+
{[%clk 0:00:42]} 47. Kh2 {[%clk 0:00:59]} Bh6 {[%clk 0:00:43]} 48. Qd3
{[%clk 0:00:50]} Bxf4+ {[%clk 0:00:42]} 49. Kh1 {[%clk 0:00:57]} Qh4+
{[%clk 0:00:45]} 50. Kg2 {[%clk 0:01:01]} Qg3+ {[%clk 0:00:52]} 0-1